• 首页
  • 本馆介绍
  • 公告通知
  • 最新文献
  • 馆藏检索
  • 电子资源
  • 读者导购
  • 参考咨询
  • 我的图书馆
  • 登录
  • 详细信息显示
  • 放入我的书架
  • 预约/预借图书
  • 作者相关作品
  • 分类相关作品
  • 丛书相关作品
  • 出版社相关作品

书目信息

  • 表格格式
  • 工作单格式
  • 卡片格式
题名:
情人十三
    
 
作者: 岑凯伦 著
分册:  
出版信息: 广州   花城出版社  1997
页数: 235页
开本: 20cm
丛书名: 岑凯伦作品集
单 册:
中图分类: I247.57
科图分类:
主题词: 长篇小说--中国--现代
电子资源:
ISBN: 7-5360-1471-6
000 00696nam2 2200265 450
001 0100705424
005 20100909105418.0
010    @a7-5360-1471-6@dCNY5.6
011    @a7-5360-1471-6
100    @a20021005d1997 em y0chiy0110 ea
101 0  @achi
102    @aCN@b440000
105    @ay z 000ay
106    @ar
200 1  @a情人十三@9Qing Ren Shi San @f岑凯伦著@b专著
205    @a2版
210    @a广州@c花城出版社@d1997
215    @a235页@d20cm
225 2  @a岑凯伦作品集@v33
410  0 @12001 @a岑凯伦作品集
606 0  @a长篇小说@y中国@z现代
690    @aI247.57@v3
701  0 @a岑凯伦@9cen kai lun@4著
801  0 @aCN@bAiZhiMarc@c19990414
905    @aBZT@dI24@e122@f1@sI24/122
    
    情人十三/岑凯伦著.-2版.-广州:花城出版社,1997
    235页;20cm.-(岑凯伦作品集;33)
    
    
    ISBN 7-5360-1471-6:CNY5.6
    
●
相关链接 在五车中查询图书 在当当中查询图书 在豆瓣中查询图书


正题名:情人十三     索取号:I24/122         预约/预借

序号 登录号 条形码 馆藏地/架位号 状态 备注
1 2000101043   2000101043   旧书回溯/ [索取号:I24/122] 在馆    
山东省滨州职业学院图书馆 欢迎您!
大连网信软件有限公司© 版权所有